F1 2026 teams by picture - Statistics

General Stats
  • This quiz has been taken 118 times
  • The average score is 10 of 11
Answer Stats
Picture Answer % Correct
Redbull
100%
Audi
98%
McLaren
98%
Haas
97%
Alpine
95%
Ferrari
93%
Mercedes
93%
Williams
86%
Aston Martin
84%
Cadillac
83%
RB
57%
No matching quizzes found
Score Distribution
Percent of People with Each Score
Percentile by Number Answered
Your Score History
You have not taken this quiz